Обител на могъщите (Запис номер 181342)
[ съкратено ]
| 000 -Лидер | |
|---|---|
| Контролно поле с фиксирана дължина | 01295nam a2200301 c 4500 |
| 003 - Код на организацията, давaща контролен номер | |
| Контролно поле | BLK |
| 005 - Дата и час на последна редакция | |
| Контролно поле | 20180422115139.0 |
| 008 - Елементи от данни с фиксирана дължина | |
| fixed length control field | 180411b bul|||||r ||||||| ||bul|| |
| 010 ## - Наследен системен номер | |
| LC control number | KNG00190241000 |
| 040 ## - Източник на каталожния запис | |
| Идентификатор на билиотеката - собственик на записа | BLK |
| 041 ## - Код за език | |
| Код за езика на текст/звукозапис или на отделно заглавие | Български |
| Код за езика КДБФ | Български |
| 080 ## - УДК | |
| Текстов определител УДК | Френска литература |
| УДК код - определител по УДК | 821.133.1 |
| УДК определител | -31 |
| УДК - код + определител | 821.133.1-31 |
| 100 1# - Редна дума - Автор | |
| Автор | Гало, Макс |
| Авторска отговорност | първи автор |
| R(LIN) | 342514 |
| 139 ## - Редно поле | |
| Редна дума | Гало, Макс |
| Авторски знак | Гал - Г 18 |
| 245 10 - Сведения за заглавието | |
| Заглавие | Обител на могъщите |
| Подзаглавни данни | Роман |
| Редно поле (дума) | Макс Гало; прев. от фр. Тодор Дънков; с послесл. от Георги Цанков. |
| 257 ## - Страна на издаване | |
| Страна на създаване/издаване | Франция |
| 260 ## - Област на издателските данни | |
| -- | София |
| Име на издателя, разпространителя и проч. | Нар. култура |
| Година на издаване | 1986 |
| Печатница | Ямбол : Г. Димитров |
| 300 ## - Физическа характеристика | |
| Страници | 279 с. |
| Размери/Мащаб | 20 см |
| 380 ## - Жанр | |
| Жанр | Худож. лит. |
| 500 ## - Общи забележки | |
| Забележка | Ориг. загл. La demeure des puissants / Max Gallo. - Пълното име на авт. на послесл. е Георги Цанков Цанев. - 38 125 тир. |
| 700 1# - Други автори (авторска отговорност) | |
| Лично име | Дънков, Тодор |
| Автороска отговорност (Описва отношението между автора и произведението) | прев. от фр. |
| 9 (RLIN) | 330726 |
| 700 1# - Други автори (авторска отговорност) | |
| Лично име | Цанков, Георги |
| Автороска отговорност (Описва отношението между автора и произведението) | с послесл. от |
| Друга информация | Цанев, Георги Цанков |
| 9 (RLIN) | 363810 |
| 852 ## - Местоположение | |
| Форматна сигнатура | Цб 144351 |
| 856 4# - Електронен адрес и достъп | |
| Електронен формат | pdf - файл |
| Път до файла /url/ | |
| 856 4# - Електронен адрес и достъп | |
| Електронен формат | pdf - файл |
| Път до файла /url/ | |
| 942 ## - АРТИКУЛИ | |
| Вид на библиотечния материал | Книги |
| Скрит в OPAC | Не |
| 944 ## - СЪЗДАВАНЕ И РЕДАКЦИЯ на ЗАПИСА | |
| Създаване/Редакция | Създаване |
| Дата на регистрацията/редакция | 13.09.2016 |
| Служител, извършил регистрацията/редакцията | Кети_Илиева |
| 944 ## - СЪЗДАВАНЕ И РЕДАКЦИЯ на ЗАПИСА | |
| Създаване/Редакция | Редакция |
| Дата на регистрацията/редакция | 13.09.2016 |
| Служител, извършил регистрацията/редакцията | Кети_Илиева |
| 999 ## - СИСТЕМНИ КОНТРОЛНИ НОМЕРА | |
| Koha biblionumber | 181342 |
| Koha biblioitemnumber | 181342 |
| Код за отписване | Код за изгубен артикул | Източник на класификационната схема | Код за повреда | Коз за рестрикции | Код за отдаване | Артикулен № | Име на библиотеката - собственик | Име на библиотеката, в която се намира в момента | Статус (Текущо местоположение) | Дата на вписване в системата | Местоположение - отдел | Цена в лева | Инвентарен номер | Систематично азбучна сигнатура | Баркод | Номер на екземпляра | Цена в евро | Служебна бележка | Служебен тип на артикула | Бележка за публиката |
|---|---|---|---|---|---|---|---|---|---|---|---|---|---|---|---|---|---|---|---|---|
| Не е изгубен | Universal Decimal Classification | Не е повреден | без рестрикции | ползва се в читалня | 310631 | Регионална библиотека "Любен Каравелов" Русе | Регионална библиотека "Любен Каравелов" Русе | Хранилище | 1986-01-01 | Хранилище | 1.66 | 457921 | Цб 144351 | 120000457921 | 1 | 0.85 | Вид: Сф Дата: 01.01.1986 | Книги | ||
| Изтеглен | Не е изгубен | Universal Decimal Classification | Не е повреден | без рестрикции | заемане за дома | 310632 | Регионална библиотека "Любен Каравелов" Русе | Регионална библиотека "Любен Каравелов" Русе | Заемна - подръчен фонд | 1986-01-01 | Заемна - подръчен фонд | 1.66 | 458787 | Цб 144351 | 458787 | 2 | 0.85 | Вид: Сф Дата: 01.01.1986 | Книги | |
| Изтеглен | Не е изгубен | Universal Decimal Classification | Не е повреден | без рестрикции | заемане за дома | 310633 | Регионална библиотека "Любен Каравелов" Русе | Регионална библиотека "Любен Каравелов" Русе | Заемна - подръчен фонд | 1986-01-01 | Заемна - подръчен фонд | 1.66 | 458788 | Цб 144351 | 458788 | 3 | 0.85 | Вид: Сф Дата: 01.01.1986 Дата инв: 09.02.2018 Бележки инв: П2018 | Книги | |
| Изтеглен | Не е изгубен | Не е повреден | без рестрикции | заемане за дома | 310634 | Регионална библиотека "Любен Каравелов" Русе | Регионална библиотека "Любен Каравелов" Русе | 1986-01-01 | Заемна - подръчен фонд | 1.66 | 458789 | Цб 144351 | 458789 | 4 | 0.85 | Вид: Сф Дата: 01.01.1986 | Книги | Отч.N: 5 , Дата: 19.01.2018 | ||
| Изтеглен | Не е изгубен | Universal Decimal Classification | Не е повреден | без рестрикции | заемане за дома | 310635 | Регионална библиотека "Любен Каравелов" Русе | Регионална библиотека "Любен Каравелов" Русе | Заемна - подръчен фонд | 1986-01-01 | Заемна - подръчен фонд | 1.66 | 458792 | Цб 144351 | 458792 | 5 | 0.85 | Вид: Сф Дата: 01.01.1986 | Книги | |
| Изтеглен | Не е изгубен | Universal Decimal Classification | Не е повреден | без рестрикции | заемане за дома | 310636 | Регионална библиотека "Любен Каравелов" Русе | Регионална библиотека "Любен Каравелов" Русе | Заемна - подръчен фонд | 1986-01-01 | Заемна - подръчен фонд | 1.66 | 458793 | Цб 144351 | 458793 | 6 | 0.85 | Вид: Сф Дата: 01.01.1986 Дата инв: 09.02.2018 Бележки инв: П2018 | Книги |